000 00263 a2200109 4500
000 nam a22 7a 4500
005 20260306131242.0
020 _a9789332706620
245 _aIndia Industrial Development Report 2024-25
260 _bISID
_c2025
942 _cTEXL
999 _c1688504
_d1688504